| 000 | 00381nam a2200157Ia 4500 | ||
|---|---|---|---|
| 005 | 20250423095353.0 | ||
| 008 | 250422s9999 xx 000 0 und d | ||
| 020 | _a0- 03- 055864- 6 | ||
| 050 | _aQA 39.2 .Z57/ | ||
| 100 | _aDavid E. Zitarelli | ||
| 245 | 0 | _aFinite mathematics with applications | |
| 250 | _a2nd | ||
| 260 | _bSaunders college | ||
| 260 | _c1992 | ||
| 942 | _cBK | ||
| 999 |
_c30071 _d30071 |
||